Grouplove Charting Songs (Billboard Hot Rock) - Statistics

General Stats
  • This quiz has been taken 7 times
  • The average score is 5 of 7
Answer Stats
Album Weeks On Peak Song % Correct
Healer 20 Weeks #16 Deleter
100%
Never Trust a Happy Song 41 Weeks #3 Tongue Tied
100%
Never Trust a Happy Song 19 Weeks #29 Colours
75%
Spreading Rumours 20 Weeks #18 Ways to Go
75%
The Fault in Our Stars 2 Weeks #33 Let Me In
50%
Big Mess 22 Weeks #24 Welcome To Your Life
50%
Never Trust a Happy Song 11 Weeks #30 Itchin' on a Photograph
25%
No matching quizzes found
Score Distribution
Percent of People with Each Score
Percentile by Number Answered
Your Score History
You have not taken this quiz